000 00275nam a2200109Ia 4500
001 1276041
005 20260417160439.0
008 260417s9999 xx 000 0 und d
020 _a9786255888266
245 0 _aBeklenmedik Bir Şey
_cAshling Lindsay
260 _bKetebe Çocuk
999 _c1276041
_d1276041